000 00835nam a2200265Ia 4500
003 OSt
005 20220918170636.0
006 a|||||r|||| 00| 0
007 ta
008 220917b |||||||| |||| 00| 0 eng d
020 _a9780415497824 (hbk)
_c5733.60
024 _a243,980
037 _b33, 07/07/2010, Sunrise Books
_cTextual
040 _aARTS
_cARTS
_beng
041 _2eng
_aeng
082 _aV291.N, Q0
100 _aSen Satadru
_914349
245 0 _aSavagery and colonialism in the indian ocean
_b Power, pleasure and the Andaman islanders
260 _aLondon
_bRoutledge UK
_c2010
300 _ax, 268p.
_ccm.
490 _aRoutledge/ edinburgh South Asian Studies
650 _aHISTORY
942 _hV291.N, Q0
_cTEXL
_2CC
999 _c135031
_d135031